书目信息 |
| 题名: |
汉语口语语法
|
|
| 作者: | 赵元任 著 ;吕叔湘 | |
| 分册: | ||
| 出版信息: | 北京 商务印书馆 1979 |
|
| 页数: | 380页 | |
| 开本: | 20cm | |
| 丛书名: | ||
| 单 册: | ||
| 中图分类: | H193.2 , H14 | |
| 科图分类: | ||
| 主题词: | 汉语-口语-语法 , 口语-汉语-语法 , 语法-口语-汉语 , 汉语--语法 | |
| 电子资源: | ||
| ISBN: | ||
| 000 | 00923nam0 2200325 450 | |
| 001 | 1550451040 | |
| 005 | 20150119140126.64 | |
| 010 | @dCNY1.15 | |
| 091 | @a9017.823@dCNY1.15 | |
| 100 | @a20060218d1979 em y0chiy0121 ea | |
| 101 | 1 | @achi@ceng |
| 102 | @aCN@b110000 | |
| 105 | @ay z 000yy | |
| 200 | 1 | @a汉语口语语法@9han yu kou yu yu fa@f赵元任著@g吕叔湘译 |
| 210 | @a北京@c商务印书馆@d1979 | |
| 215 | @a380页@d20cm | |
| 300 | @a本书原名:中国话的文法 | |
| 304 | @a书名原文:A grammar of spoker Chinese | |
| 510 | 1 | @aA grammar of spoker Chinese@zeng |
| 517 | 1 | @a中国话的文法@9zhong guo hua de wen fa |
| 606 | 0 | @a汉语-口语-语法 |
| 606 | 0 | @a口语-汉语-语法 |
| 606 | 0 | @a语法-口语-汉语 |
| 606 | 0 | @a汉语@x语法 |
| 690 | @aH193.2@v5 | |
| 690 | @aH14@v4 | |
| 701 | 0 | @a赵元任@9zhao yuan ren@4著 |
| 702 | 0 | @a吕叔湘@9lu^ shu xiang@g译 |
| 801 | 0 | @aCN@bTSSF@c20150115 |
| 905 | @aZUCC@dH14@eJY52 | |
| 汉语口语语法/赵元任著/吕叔湘译.-北京:商务印书馆,1979 |
| 380页;20cm |
| 本书原名:中国话的文法 |
| ISBN :CNY1.15 |
| ● |
| 相关链接 |
|
|
|
|
正题名:汉语口语语法
索取号:H14/JY52
 
预约/预借
| 序号 | 登录号 | 条形码 | 馆藏地/架位号 | 状态 | 备注 |
| 1 | 7835214 | 278352140 | 学院路分馆/ [索取号:H14/JY52] | 在馆 | |
| 2 | 7835215 | 278352159 | 学院路分馆/ [索取号:H14/JY52] | 在馆 | |
| 3 | 7835216 | 278352168 | 学院路分馆/ [索取号:H14/JY52] | 在馆 |